000 00988cam a2200241 4500
001 ABS64964
008 020107n2002 000 0 eng u
035 _a(Sirsi) u116146
100 _aDudgeon, C.
245 _aSteading development: risks and rewards
260 _c2002
490 _aLandowning in Scotland
_v(266) December 2001/January 2002, 33-34(2)
520 _aSuggests how owners of redundant farm buildings might convert these buildings as a viable source of additional revenue, rather than sell them outright. Explains how planning policy might affect such projects. Lists some of the considerations which should be taken into account before deciding whether to convert and let, or else sell outright
590 _aABS
650 _aALTERNATIVE USE
650 _aFARM BUILDINGS
650 _aFARM DIVERSIFICATION
650 _aINCOME STREAM
650 _aREDUNDANT BUILDINGS
690 _aRURAL-FARM BUSINESS MANAGEMENT
700 _aThomas, A.
942 _n0
999 _c69183
_d69183